[Event "DVM U14 2015"]
[Site "Verden/Aller GER"]
[Date "2015.12.29"]
[Round "5"]
[White "Pfreundt, Mathis"]
[Black "Wendler, David"]
[Result "0-1"]
[Termination "normal"]
[Board "7.1"]
[WhiteElo "1871"]
[BlackElo "1912"]
[WhiteTeam "Königsspringer SC 1984"]
[BlackTeam "SK Bebenhausen 1992"]
[PlyCount "154"]
[WhiteFideId "12967092"]
[BlackFideId "12938360"]
[EventCountry "GER"]
[EventRounds "7"]
[EventType "team-swiss"]
[EventDate "2015.12.26"]

1. e4 c5 2. Nf3 Nc6 3. d4 cxd4 4. Nxd4 g6 5. Nc3 Bg7 6. Be3 Nf6 7. Bc4 O-O 8.
Bb3 Qa5 9. O-O d6 10. f3 Bd7 11. Qd2 Rac8 12. Rfd1 Rfd8 13. Rac1 Ne5 14. Nd5
Qxd2 15. Rxd2 Nxd5 16. Bxd5 Nc4 17. Bxc4 Rxc4 18. c3 Rdc8 19. Nb3 b6 20. Kf2
Rb8 21. Bd4 Bh6 22. Be3 Bg7 23. Bd4 a5 24. Bxg7 Kxg7 25. Rd4 Rc7 26. a3 Be6 27.
Nd2 b5 28. h4 Rc5 29. Ra1 Rb7 30. g3 d5 31. exd5 Rxd5 32. Nb3 a4 33. Rxd5 Bxd5
34. Nd4 Rd7 35. Re1 Kf6 36. g4 h6 37. f4 Rb7 38. Re5 Bc4 39. Nc6 e6 40. g5+
hxg5 41. hxg5+ Kg7 42. Na5 Rb8 43. Rc5 Bd5 44. c4 bxc4 45. Nxc4 Rb3 46. Nd6
Rxb2+ 47. Ke3 Rb3+ 48. Kd4 Rxa3 49. Rc8 Ra1 50. Ne8+ Kf8 51. Nf6+ Ke7 52. Rc7+
Kd8 53. Ra7 a3 54. Nxd5 exd5 55. Ke5 a2 56. Kf6 d4 57. Ra3 Rf1 58. Rxa2 Rxf4+
59. Kg7 d3 60. Rd2 Rf3 61. Ra2 Ke7 62. Ra7+ Ke6 63. Ra8 d2 64. Rd8 Rf2 65. Rd3
Kf5 66. Rd5+ Ke4 67. Rd7 Ke3 68. Kf8 Ke2 69. Re7+ Kf1 70. Rd7 Ke1 71. Re7+ Kf1
72. Rd7 Ke1 73. Re7+ Re2 74. Rd7 Re5 75. Kxf7 Rxg5 76. Re7+ Kd1 77. Rd7 Rg2 0-1

[Event "DVM U14 2015"]
[Site "Verden/Aller GER"]
[Date "2015.12.29"]
[Round "5"]
[White "Grimm, Ling Leander"]
[Black "Kipke, Kevin"]
[Result "0-1"]
[Termination "normal"]
[Board "7.2"]
[WhiteElo "1749"]
[BlackElo "1666"]
[WhiteTeam "SK Bebenhausen 1992"]
[BlackTeam "Königsspringer SC 1984"]
[PlyCount "86"]
[WhiteFideId "12968277"]
[BlackFideId "12988332"]
[EventCountry "GER"]
[EventRounds "7"]
[EventType "team-swiss"]
[EventDate "2015.12.26"]

1. e4 c5 2. d4 cxd4 3. c3 d5 4. exd5 Qxd5 5. cxd4 Nc6 6. Nf3 e5 7. Nc3 Bb4 8.
Bd2 Bxc3 9. Bxc3 e4 10. Ne5 Nxe5 11. dxe5 Ne7 12. b3 O-O 13. Bc4 Qc6 14. Bb4
Re8 15. Rc1 Be6 16. Qe2 b5 17. O-O bxc4 18. Bd6 Nf5 19. Rfd1 Red8 20. bxc4 Nxd6
21. exd6 Rxd6 22. Rxd6 Qxd6 23. Qxe4 Rc8 24. h3 h6 25. Qb7 Qa3 26. Rc2 Qa4 27.
Re2 Qd1+ 28. Kh2 Qxe2 29. Qxa7 Qxc4 30. a4 Qc7+ 31. Qxc7 Rxc7 32. a5 Ra7 33. f4
Rxa5 34. g4 Ra3 35. Kg2 Bd5+ 36. Kh2 g5 37. fxg5 hxg5 38. h4 gxh4 39. g5 Kg7
40. Kg1 Ra2 41. Kf1 h3 42. g6 h2 43. gxf7 h1=R# 0-1

[Event "DVM U14 2015"]
[Site "Verden/Aller GER"]
[Date "2015.12.29"]
[Round "5"]
[White "Cinar, Alihan"]
[Black "De Rentiis, Davide Luca"]
[Result "1-0"]
[Termination "normal"]
[Board "7.3"]
[WhiteElo "1171"]
[BlackElo "1287"]
[WhiteTeam "Königsspringer SC 1984"]
[BlackTeam "SK Bebenhausen 1992"]
[PlyCount "37"]
[WhiteFideId "16217608"]
[BlackFideId "12967050"]
[EventCountry "GER"]
[EventRounds "7"]
[EventType "team-swiss"]
[EventDate "2015.12.26"]

1. d4 f5 2. h3 Nf6 3. g4 fxg4 4. hxg4 Nxg4 5. Qd3 Nf6 6. Rxh7 d6 7. Rxh8 e6 8.
Bg5 Qe7 9. Nc3 Bd7 10. Ne4 Nc6 11. Nxf6+ gxf6 12. Qg6+ Qf7 13. Qxf7+ Kxf7 14.
Bh6 e5 15. Bxf8 Rxf8 16. Rxf8+ Kxf8 17. dxe5 fxe5 18. O-O-O Nd4 19. e3 1-0

[Event "DVM U14 2015"]
[Site "Verden/Aller GER"]
[Date "2015.12.29"]
[Round "5"]
[White "Greitmann, Niklas"]
[Black "Summers, Jan"]
[Result "1-0"]
[Termination "normal"]
[Board "7.4"]
[WhiteElo "1265"]
[BlackElo "1185"]
[WhiteTeam "SK Bebenhausen 1992"]
[BlackTeam "Königsspringer SC 1984"]
[PlyCount "69"]
[WhiteFideId "16200705"]
[BlackFideId "16217624"]
[EventCountry "GER"]
[EventRounds "7"]
[EventType "team-swiss"]
[EventDate "2015.12.26"]

1. c4 e5 2. Nc3 Nc6 3. g3 Bc5 4. Bg2 Nge7 5. d3 d6 6. Nf3 O-O 7. O-O Be6 8. a3
a6 9. Bd2 Qd7 10. Ng5 Bg4 11. Nf3 Bh3 12. Rc1 Bxg2 13. Kxg2 f5 14. e3 Ng6 15.
Nd5 Nce7 16. e4 fxe4 17. dxe4 Nxd5 18. cxd5 Qg4 19. Ng5 Qxd1 20. Rcxd1 c6 21.
Bc3 Rf6 22. b4 Bb6 23. dxc6 bxc6 24. Rd2 Rd8 25. Rfd1 Bc7 26. h4 h5 27. f4
Nxf4+ 28. gxf4 Rxf4 29. Kh3 d5 30. exd5 a5 31. bxa5 c5 32. d6 Rxd6 33. Rxd6
Bxd6 34. Rxd6 Ra4 35. Rd8# 1-0

[Event "DVM U14 2015"]
[Site "Verden/Aller GER"]
[Date "2015.12.29"]
[Round "5"]
[White "Savchenko, Daniel"]
[Black "Anders, Julian"]
[Result "1-0"]
[Termination "normal"]
[Board "8.1"]
[WhiteElo "1849"]
[BlackElo "1392"]
[WhiteTeam "Düsseldorfer SK 14/25"]
[BlackTeam "SK Freiburg Zähringen 1887"]
[PlyCount "133"]
[WhiteFideId "12919195"]
[BlackFideId "16217748"]
[EventCountry "GER"]
[EventRounds "7"]
[EventType "team-swiss"]
[EventDate "2015.12.26"]

1. e4 d6 2. d4 Nf6 3. Nc3 e5 4. Nf3 Nbd7 5. Be2 Be7 6. g4 Nxg4 7. Rg1 Ngf6 8.
Rxg7 Nb6 9. dxe5 dxe5 10. Qxd8+ Bxd8 11. Nxe5 Be6 12. Be3 c6 13. O-O-O Bc7 14.
Nd3 Nbd7 15. Nf4 Rg8 16. Rxg8+ Nxg8 17. Nxe6 fxe6 18. Bh5+ Ke7 19. f4 Ngf6 20.
Be2 Bb6 21. Bd2 Rd8 22. Bf3 e5 23. f5 h5 24. h4 Ng4 25. Bg5+ Ndf6 26. Rxd8 Bxd8
27. Ne2 Bb6 28. Ng3 Kf7 29. Bxf6 Nxf6 30. Nxh5 Nxh5 31. Bxh5+ Kg7 32. Be2 Bd8
33. h5 Bg5+ 34. Kd1 Kf6 35. c3 Ke7 36. Kc2 Kd6 37. c4 c5 38. Kc3 b6 39. Bd1 a5
40. Ba4 Kc7 41. Be8 Kd6 42. Kb3 Kc7 43. Ka4 Kd8 44. Bf7 Kc7 45. Kb5 Kb7 46.
Bd5+ Kc7 47. a3 Bf6 48. h6 Bh8 49. h7 Bf6 50. b4 cxb4 51. axb4 axb4 52. Kxb4
Be7+ 53. Kc3 Bf6 54. Kd3 Kd6 55. Ke3 Ke7 56. Kf3 Kf8 57. Kg4 Kg7 58. Bg8 Be7
59. Kh5 Bf6 60. h8=Q+ Kxh8 61. Kg6 Bd8 62. Bd5 Be7 63. Kf7 Bd6 64. Ke6 Bc7 65.
Ke7 Kg7 66. f6+ Kg6 67. f7 1-0

[Event "DVM U14 2015"]
[Site "Verden/Aller GER"]
[Date "2015.12.29"]
[Round "5"]
[White "Righi, Sofian"]
[Black "Spillner, Ladis"]
[Result "1-0"]
[Termination "normal"]
[Board "8.3"]
[WhiteElo "1620"]
[BlackElo "1301"]
[WhiteTeam "Düsseldorfer SK 14/25"]
[BlackTeam "SK Freiburg Zähringen 1887"]
[PlyCount "93"]
[WhiteFideId "12987581"]
[BlackFideId "16217764"]
[EventCountry "GER"]
[EventRounds "7"]
[EventType "team-swiss"]
[EventDate "2015.12.26"]

1. d4 Nf6 2. c4 g6 3. Nc3 Bg7 4. e4 d6 5. f3 O-O 6. Be3 e5 7. d5 Na6 8. Qd2 Qe7
9. O-O-O Ne8 10. g4 c5 11. h4 Nac7 12. h5 Bd7 13. hxg6 fxg6 14. Bh6 Rb8 15.
Bxg7 Qxg7 16. Nh3 Nf6 17. Ng5 a6 18. a4 Nce8 19. Qh2 Rd8 20. Qh4 Nc7 21. Rd2
Rde8 22. Rdh2 Re7 23. Qg3 Nce8 24. Be2 Bc8 25. a5 Bd7 26. Bd1 Kh8 27. Ba4 Bxa4
28. Nxa4 Kg8 29. Ne6 Rxe6 30. dxe6 Qe7 31. Nb6 Qxe6 32. Rd2 Rf7 33. Rhd1 Kg7
34. Qg1 Rc7 35. Qe3 Nd7 36. Qa3 Nxb6 37. axb6 Rc6 38. Qb3 g5 39. Rh1 Nf6 40.
Rdh2 Kg6 41. Kb1 Qf7 42. Rh6+ Kg7 43. Qe3 Rxb6 44. Qxg5+ Kh8 45. Rxf6 Rxb2+ 46.
Kxb2 Qxf6 47. Qxf6+ 1-0

[Event "DVM U14 2015"]
[Site "Verden/Aller GER"]
[Date "2015.12.29"]
[Round "5"]
[White "Schede, Wolf"]
[Black "Oezdemir, Edwin-Daniel"]
[Result "0-1"]
[Termination "normal"]
[Board "8.4"]
[WhiteElo "1062"]
[BlackElo "1568"]
[WhiteTeam "SK Freiburg Zähringen 1887"]
[BlackTeam "Düsseldorfer SK 14/25"]
[PlyCount "42"]
[WhiteFideId "16217772"]
[BlackFideId "12919055"]
[EventCountry "GER"]
[EventRounds "7"]
[EventType "team-swiss"]
[EventDate "2015.12.26"]

1. e4 e5 2. Nf3 Nf6 3. d4 exd4 4. Nxd4 Nxe4 5. Qe2 Qe7 6. Bf4 d5 7. g3 Nd6 8.
Bxd6 Qxe2+ 9. Bxe2 Bxd6 10. Nc3 c6 11. O-O-O O-O 12. Rde1 Bc5 13. Rd1 Nd7 14.
Bd3 Bxd4 15. Bxh7+ Kxh7 16. Rxd4 Kg8 17. Ne2 Nf6 18. h4 Re8 19. Rd2 Ne4 20. Rd4
Nxf2 21. Re1 Bg4 0-1

[Event "DVM U14 2015"]
[Site "Verden/Aller GER"]
[Date "2015.12.29"]
[Round "5"]
[White "Lorenz, Tobias"]
[Black "Finke, Daniel"]
[Result "0-1"]
[Termination "normal"]
[Board "9.2"]
[WhiteElo "1716"]
[BlackElo "1342"]
[WhiteTeam "SC Landskrone"]
[BlackTeam "SV Empor Erfurt"]
[PlyCount "74"]
[WhiteFideId "12977500"]
[BlackFideId "16217675"]
[EventCountry "GER"]
[EventRounds "7"]
[EventType "team-swiss"]
[EventDate "2015.12.26"]

1. d4 d5 2. Nf3 e6 3. c4 Nf6 4. Nc3 Be7 5. Bg5 Nc6 6. e3 O-O 7. Qc2 h6 8. Bxf6
Bxf6 9. h4 Bd7 10. g4 Be7 11. g5 h5 12. cxd5 exd5 13. Nxd5 Bg4 14. Nxe7+ Qxe7
15. Nh2 Nxd4 16. Qc3 Nf3+ 17. Nxf3 Bxf3 18. Rg1 Bg4 19. Bc4 Be6 20. Bxe6 Qxe6
21. Qxc7 b6 22. b3 Rfc8 23. Qb7 Rcb8 24. Qf3 Qg6 25. Rc1 Rc8 26. Rd1 Rd8 27.
Qe2 Rxd1+ 28. Qxd1 Rc8 29. Kf1 Rc2 30. a3 Qf5 31. Rg2 Rb2 32. Qd8+ Kh7 33. Kg1
Rb1+ 34. Kh2 Qe5+ 35. Rg3 Qe4 36. Rg1 Qxh4+ 37. Kg2 Qg4+ 0-1

[Event "DVM U14 2015"]
[Site "Verden/Aller GER"]
[Date "2015.12.29"]
[Round "5"]
[White "Lautenbach, Max"]
[Black "Dittenberger, Timo"]
[Result "1/2-1/2"]
[Termination "normal"]
[Board "9.3"]
[WhiteElo "1284"]
[BlackElo "1481"]
[WhiteTeam "SV Empor Erfurt"]
[BlackTeam "SC Landskrone"]
[PlyCount "80"]
[WhiteFideId "16217683"]
[BlackFideId "12977519"]
[EventCountry "GER"]
[EventRounds "7"]
[EventType "team-swiss"]
[EventDate "2015.12.26"]

1. e4 c5 2. Nf3 d6 3. d4 cxd4 4. Nxd4 a6 5. Nc3 e5 6. Nf3 Nf6 7. Be2 Be7 8. O-O
O-O 9. h3 b5 10. a3 Bb7 11. Nd2 Nbd7 12. b4 Nb6 13. Bf3 Qc7 14. Bb2 Rfd8 15.
Re1 d5 16. exd5 Nfxd5 17. Nxd5 Bxd5 18. Bxe5 Qb7 19. Bxd5 Rxd5 20. Qe2 h6 21.
Nf3 Qd7 22. Bxg7 Bxb4 23. axb4 Kxg7 24. Ne5 Qe6 25. Qg4+ Qxg4 26. Nxg4 Rd6 27.
Rec1 Nc4 28. c3 f5 29. Ne3 Nxe3 30. fxe3 Re8 31. Re1 Ree6 32. Rac1 Kg6 33. Kf2
h5 34. Kf3 Kg5 35. g3 Re4 36. h4+ Kg6 37. Rc2 Rc6 38. Rd1 Rxb4 39. cxb4 Rxc2
40. Rd6+ Kg7 1/2-1/2

[Event "DVM U14 2015"]
[Site "Verden/Aller GER"]
[Date "2015.12.29"]
[Round "5"]
[White "Dittenberger, Svenja"]
[Black "Niebur, Thorben Carl"]
[Result "1-0"]
[Termination "normal"]
[Board "9.4"]
[WhiteElo "965"]
[BlackElo "1193"]
[WhiteTeam "SC Landskrone"]
[BlackTeam "SV Empor Erfurt"]
[PlyCount "117"]
[WhiteFideId "12996262"]
[BlackFideId "16217691"]
[EventCountry "GER"]
[EventRounds "7"]
[EventType "team-swiss"]
[EventDate "2015.12.26"]

1. e4 e5 2. Nf3 Nc6 3. Bc4 Nf6 4. Nc3 Be7 5. h3 d6 6. d3 Be6 7. Bb3 h6 8. Be3
Qd7 9. Qd2 O-O-O 10. Ba4 d5 11. Nxe5 Qd6 12. Nxc6 bxc6 13. exd5 Nxd5 14. Nxd5
Qxd5 15. f3 Rd6 16. Qc3 Bf6 17. Qc5 Qxc5 18. Bxc5 Rd5 19. Bxa7 Ra5 20. Bxc6
Rxa7 21. c3 Rd8 22. d4 Rxa2 23. Rxa2 Bxa2 24. Kd2 Bc4 25. Ra1 Bg5+ 26. Kc2 Bd3+
27. Kxd3 Rxd4+ 28. Kxd4 Kd8 29. Ra8+ Ke7 30. Ra7 Kd6 31. Ra6 Bf6+ 32. Ke4 Kc5
33. b4+ Kc4 34. Bd5+ Kxc3 35. Rc6+ Kxb4 36. Bxf7 Bd8 37. Kd5 Kb5 38. Be8 Kb4
39. Ke6 Kb5 40. Rxc7+ Kb6 41. Rc6+ Kb7 42. Kd7 Ba5 43. Bg6 Kb8 44. Be4 Ka7 45.
Bd3 Bb6 46. g4 g5 47. Rxh6 Kb7 48. h4 gxh4 49. Rxh4 Kb8 50. g5 Be3 51. g6 Bg5
52. Rg4 Bh6 53. g7 Bxg7 54. Rxg7 Ka8 55. Kd8 Kb8 56. f4 Ka8 57. Kc7 Ka7 58. Rg6
Ka8 59. Ra6# 1-0

[Event "DVM U14 2015"]
[Site "Verden/Aller GER"]
[Date "2015.12.29"]
[Round "5"]
[White "Enxing, Philemon"]
[Black "Bold, Andre"]
[Result "0-1"]
[Termination "normal"]
[Board "10.1"]
[WhiteElo "1494"]
[BlackElo "1981"]
[WhiteTeam "SG Leipzig"]
[BlackTeam "SC 1975 Bann"]
[PlyCount "114"]
[WhiteFideId "16217632"]
[BlackFideId "16208471"]
[EventCountry "GER"]
[EventRounds "7"]
[EventType "team-swiss"]
[EventDate "2015.12.26"]

1. e4 d5 2. exd5 Nf6 3. d4 Bg4 4. f3 Bf5 5. Bb5+ Nbd7 6. c4 a6 7. Ba4 e6 8.
dxe6 fxe6 9. Nc3 Bb4 10. Nge2 O-O 11. O-O Nb6 12. Bb3 c5 13. Be3 Qe7 14. Qe1
Bd3 15. dxc5 Bxc5 16. Qf2 Rac8 17. Rfe1 Bxc4 18. Bxc4 Bxe3 19. Qxe3 Nxc4 20.
Qc1 Qc5+ 21. Kh1 e5 22. b3 Nd6 23. Qb1 e4 24. Nxe4 Ndxe4 25. fxe4 Ng4 26. h3
Nf2+ 27. Kh2 Rc6 28. Ng3 Qe5 29. Re3 h5 30. Kg1 h4 31. Nh1 Nxh1 32. Kxh1 Rf2
33. Qg1 Rfc2 34. Rf1 Rd2 35. Rf4 Qb2 36. Qf1 Rc1 37. Rf8+ Kh7 38. Re1 Rxe1 39.
Qxe1 Rxg2 40. Qf1 Rg6 41. Qf2 Qc1+ 42. Kh2 Qc7+ 43. Qf4 Qc2+ 44. Qf2 Qxe4 45.
Qf3 Qxf3 46. Rxf3 Rf6 47. Rxf6 gxf6 48. Kg1 Kg6 49. Kg2 a5 50. a4 Kg5 51. Kf3
Kf5 52. Ke3 Ke5 53. Kf3 f5 54. Ke3 f4+ 55. Kf3 Kf5 56. Kf2 Ke4 57. Ke2 f3+ 0-1

[Event "DVM U14 2015"]
[Site "Verden/Aller GER"]
[Date "2015.12.29"]
[Round "5"]
[White "Schindler, Till"]
[Black "Mücka, Cedric"]
[Result "0-1"]
[Termination "normal"]
[Board "10.2"]
[WhiteElo "1318"]
[BlackElo "1397"]
[WhiteTeam "SC 1975 Bann"]
[BlackTeam "SG Leipzig"]
[PlyCount "100"]
[WhiteFideId "16217705"]
[BlackFideId "16217640"]
[EventCountry "GER"]
[EventRounds "7"]
[EventType "team-swiss"]
[EventDate "2015.12.26"]

1. e4 c5 2. d3 Nc6 3. Nf3 g6 4. c3 Bg7 5. Be3 d6 6. Be2 Nf6 7. Nbd2 O-O 8. Nb3
b6 9. O-O d5 10. Qc2 Ba6 11. Rfe1 Qc7 12. Rad1 Rad8 13. Rd2 h6 14. h3 dxe4 15.
dxe4 Rxd2 16. Nbxd2 Bxe2 17. Rxe2 Rd8 18. Re1 Ne5 19. Nxe5 Qxe5 20. Nf3 Qxe4
21. Qxe4 Nxe4 22. Bxh6 Nxf2 23. Bxg7 Nxh3+ 24. gxh3 Kxg7 25. Rxe7 Rd1+ 26. Kh2
Rb1 27. Re2 Kf6 28. Kg3 Rd1 29. Rf2 Kg7 30. Kf4 Rd6 31. h4 Rf6+ 32. Ke4 Rf5 33.
Rd2 Rf6 34. Rd7 a5 35. Nd2 Re6+ 36. Kf4 Rf6+ 37. Kg4 Re6 38. b3 Re3 39. c4 Re6
40. Kf4 Kf8 41. Rd8+ Ke7 42. Rd3 Rf6+ 43. Kg3 Rf5 44. Ne4 Re5 45. Nc3 Re6 46.
Nd5+ Kf8 47. Rf3 Kg7 48. Kg4 f5+ 49. Kg5 Re4 50. Nxb6 Rg4# 0-1

[Event "DVM U14 2015"]
[Site "Verden/Aller GER"]
[Date "2015.12.29"]
[Round "5"]
[White "Wang, Ruiming"]
[Black "Deppert, Smilla"]
[Result "1/2-1/2"]
[Termination "normal"]
[Board "10.3"]
[WhiteElo "1355"]
[BlackElo "1110"]
[WhiteTeam "SG Leipzig"]
[BlackTeam "SC 1975 Bann"]
[PlyCount "50"]
[WhiteFideId "16217659"]
[BlackFideId "16217713"]
[EventCountry "GER"]
[EventRounds "7"]
[EventType "team-swiss"]
[EventDate "2015.12.26"]

1. e4 e5 2. Nf3 Nc6 3. Bc4 Bc5 4. c3 Nf6 5. d4 exd4 6. cxd4 Bb4+ 7. Bd2 Nxe4 8.
Bxb4 Nxb4 9. Bxf7+ Kxf7 10. Qb3+ d5 11. Qxb4 Re8 12. O-O Kg8 13. Nc3 Ng5 14.
Nxg5 Qxg5 15. Qb5 c6 16. Qd3 Bf5 17. Qg3 Qf6 18. Qf3 Re6 19. Rfe1 Rae8 20. Rxe6
Rxe6 21. g4 Be4 22. Qxf6 Rxf6 23. Nxe4 dxe4 24. Re1 Re6 25. f3 e3 1/2-1/2

[Event "DVM U14 2015"]
[Site "Verden/Aller GER"]
[Date "2015.12.29"]
[Round "5"]
[White "Scherer, Muriel"]
[Black "Liedtke, Sebastian"]
[Result "0-1"]
[Termination "normal"]
[Board "10.4"]
[WhiteElo "1040"]
[BlackElo "1315"]
[WhiteTeam "SC 1975 Bann"]
[BlackTeam "SG Leipzig"]
[PlyCount "58"]
[WhiteFideId "16217730"]
[BlackFideId "16217667"]
[EventCountry "GER"]
[EventRounds "7"]
[EventType "team-swiss"]
[EventDate "2015.12.26"]

1. e4 d6 2. d4 Nf6 3. Nc3 g6 4. f3 Bg7 5. Be3 O-O 6. Qd2 e5 7. O-O-O Ne8 8.
dxe5 Bxe5 9. Bh6 Bg7 10. Nge2 Bd7 11. a3 Nc6 12. g4 Ne5 13. Nd4 c5 14. Bxg7
cxd4 15. Bxf8 dxc3 16. Qxc3 Kxf8 17. h4 Kg8 18. h5 g5 19. Bc4 Rc8 20. Rd4 b5
21. Bxf7+ Kxf7 22. Qb3+ Kf8 23. Rf1 Qf6 24. Rdd1 Kg7 25. Qe3 Qf4 26. Qxf4 gxf4
27. g5 Nc4 28. Rg1 Ne3 29. Rd2 Be6 {rest unleserlich} 0-1

[Event "DVM U14 2015"]
[Site "Verden/Aller GER"]
[Date "2015.12.29"]
[Round "6"]
[White "Schneider, Jana"]
[Black "Roseneck, Jonas"]
[Result "1/2-1/2"]
[Termination "normal"]
[Board "1.1"]
[WhiteElo "2113"]
[BlackElo "2021"]
[WhiteTeam "Spvgg 1946 Stetten"]
[BlackTeam "SG Aufbau Elbe Magdeburg"]
[PlyCount "51"]
[WhiteFideId "12924997"]
[BlackFideId "12939870"]
[EventCountry "GER"]
[EventRounds "7"]
[EventType "team-swiss"]
[EventDate "2015.12.26"]

1. e4 c5 2. Nf3 Nc6 3. Bb5 Qb6 4. Nc3 e6 5. Bxc6 Qxc6 6. O-O a6 7. d3 Qc7 8.
Ng5 Nf6 9. f4 Be7 10. Qf3 h6 11. Nh3 b6 12. Bd2 Bb7 13. Rae1 O-O-O 14. Qe2 g6
15. a4 Rdg8 16. e5 Nd5 17. Ne4 a5 18. c3 f5 19. exf6 Nxf6 20. b4 g5 21. bxa5
bxa5 22. f5 e5 23. Nxf6 Bxf6 24. Nf2 Rf8 25. Ne4 d6 26. Rf2 1/2-1/2

[Event "DVM U14 2015"]
[Site "Verden/Aller GER"]
[Date "2015.12.29"]
[Round "6"]
[White "Biastoch, Bennet"]
[Black "Roth, Jakob"]
[Result "1-0"]
[Termination "normal"]
[Board "1.2"]
[WhiteElo "2051"]
[BlackElo "1774"]
[WhiteTeam "SG Aufbau Elbe Magdeburg"]
[BlackTeam "Spvgg 1946 Stetten"]
[PlyCount "67"]
[WhiteFideId "12939889"]
[BlackFideId "12952605"]
[EventCountry "GER"]
[EventRounds "7"]
[EventType "team-swiss"]
[EventDate "2015.12.26"]

1. e4 e6 2. d4 d5 3. Nc3 Nf6 4. e5 Nfd7 5. f4 c5 6. Nf3 Nc6 7. Be3 a6 8. Qd2
cxd4 9. Nxd4 Bc5 10. Be2 Nxd4 11. Bxd4 b5 12. Bxc5 Nxc5 13. Qd4 Qe7 14. O-O Rb8
15. a3 Bd7 16. Rf3 a5 17. b4 Na6 18. Qa7 axb4 19. axb4 O-O 20. Rxa6 Qxb4 21.
Qxd7 d4 22. Qd6 Qxd6 23. Rxd6 dxc3 24. Rxc3 b4 25. Rb3 g6 26. Rd4 Rfc8 27. Bd3
Ra8 28. Rdxb4 Ra1+ 29. Rb1 Rxb1+ 30. Rxb1 Rc7 31. Kf2 Kf8 32. Be4 Ke8 33. Rb8+
Ke7 34. Rb7 1-0

[Event "DVM U14 2015"]
[Site "Verden/Aller GER"]
[Date "2015.12.29"]
[Round "6"]
[White "Häusler, Luis"]
[Black "Wagner, Benjamin"]
[Result "0-1"]
[Termination "normal"]
[Board "1.3"]
[WhiteElo "1390"]
[BlackElo "1829"]
[WhiteTeam "Spvgg 1946 Stetten"]
[BlackTeam "SG Aufbau Elbe Magdeburg"]
[PlyCount "52"]
[WhiteFideId "12942928"]
[BlackFideId "12957330"]
[EventCountry "GER"]
[EventRounds "7"]
[EventType "team-swiss"]
[EventDate "2015.12.26"]

1. e4 e5 2. f4 exf4 3. Nf3 g5 4. Bc4 Bg7 5. O-O d6 6. d4 Nc6 7. c3 h6 8. h4 Bg4
9. hxg5 hxg5 10. Qb3 Nh6 11. Qxb7 Na5 12. Bb5+ Kf8 13. Qd5 Rb8 14. Nxg5 Rxb5
15. Qxb5 c6 16. Qb4 Qxg5 17. Bxf4 Qh5 18. Bxd6+ Kg8 19. Bc7 Be2 20. Qxa5 Bb5
21. Rf3 Qh4 22. Na3 Ng4 23. Rh3 Qf2+ 24. Kh1 Rxh3+ 25. gxh3 Bf1 26. Rxf1 Qxf1#
0-1

[Event "DVM U14 2015"]
[Site "Verden/Aller GER"]
[Date "2015.12.29"]
[Round "6"]
[White "Cejda, Cecilia"]
[Black "Binner, Jule"]
[Result "1-0"]
[Termination "normal"]
[Board "1.4"]
[WhiteElo "1600"]
[BlackElo "1393"]
[WhiteTeam "SG Aufbau Elbe Magdeburg"]
[BlackTeam "Spvgg 1946 Stetten"]
[PlyCount "49"]
[WhiteFideId "12921122"]
[BlackFideId "16205332"]
[EventCountry "GER"]
[EventRounds "7"]
[EventType "team-swiss"]
[EventDate "2015.12.26"]

1. e4 c5 2. Nf3 d6 3. d4 cxd4 4. Nxd4 Nf6 5. Nc3 a6 6. f4 e6 7. Bd3 Be7 8. O-O
Qc7 9. Kh1 b5 10. Qe1 Bb7 11. e5 dxe5 12. fxe5 Nfd7 13. Bf4 Nc6 14. Nxc6 Bxc6
15. Be4 Bxe4 16. Qxe4 O-O 17. Rf3 Nc5 18. Qe2 Rfd8 19. Raf1 Bf8 20. Bg5 Rd7 21.
Rh3 g6 22. Bf6 Bg7 23. Qe3 Bf8 24. Rff3 b4 25. Rxh7 1-0

[Event "DVM U14 2015"]
[Site "Verden/Aller GER"]
[Date "2015.12.29"]
[Round "6"]
[White "Wiesner, Alexander"]
[Black "Kopylov, Daniel"]
[Result "1/2-1/2"]
[Termination "normal"]
[Board "2.1"]
[WhiteElo "1886"]
[BlackElo "1966"]
[WhiteTeam "Karlsruher SF 1853"]
[BlackTeam "TuRa Harksheide Norderstedt"]
[PlyCount "55"]
[WhiteFideId "12943991"]
[BlackFideId "12921971"]
[EventCountry "GER"]
[EventRounds "7"]
[EventType "team-swiss"]
[EventDate "2015.12.26"]

1. d4 d5 2. c4 e6 3. Nc3 c6 4. e3 Nf6 5. Nf3 Nbd7 6. Qc2 Be7 7. Bd3 dxc4 8.
Bxc4 b5 9. Bd3 Bb7 10. O-O O-O 11. e4 h6 12. Bf4 a6 13. Qd2 c5 14. e5 Nd5 15.
Bxh6 cxd4 16. Nxd5 Bxd5 17. Qf4 gxh6 18. Qxh6 f5 19. exf6 Nxf6 20. Qg6+ Kh8 21.
Qh6+ Kg8 22. Qg5+ Kh8 23. Ne5 Bb4 24. Qh6+ Kg8 25. Qg5+ Kh8 26. Qh6+ Kg8 27.
Qg6+ Kh8 28. Qh6+ 1/2-1/2

[Event "DVM U14 2015"]
[Site "Verden/Aller GER"]
[Date "2015.12.29"]
[Round "6"]
[White "Oganessjan, Artur"]
[Black "Chernykh, Arkady"]
[Result "1/2-1/2"]
[Termination "normal"]
[Board "2.2"]
[WhiteElo "1815"]
[BlackElo "1822"]
[WhiteTeam "TuRa Harksheide Norderstedt"]
[BlackTeam "Karlsruher SF 1853"]
[PlyCount "87"]
[WhiteFideId "12986062"]
[BlackFideId "12989436"]
[EventCountry "GER"]
[EventRounds "7"]
[EventType "team-swiss"]
[EventDate "2015.12.26"]

1. Nf3 Nf6 2. d4 g6 3. c4 Bg7 4. Nc3 d6 5. e4 O-O 6. h3 Nc6 7. Be3 e5 8. d5 Ne7
9. Be2 Ne8 10. O-O f5 11. Rc1 f4 12. Bd2 Bf6 13. b4 g5 14. Nh2 Rf7 15. Ng4 Bg7
16. c5 Ng6 17. Nh2 Bf8 18. Na4 Nf6 19. f3 h5 20. Be1 Rg7 21. cxd6 cxd6 22. b5
g4 23. fxg4 hxg4 24. Bxg4 Nxe4 25. Qc2 Bxg4 26. Nxg4 Nf6 27. Qf5 Nxg4 28. Qxg4
Be7 29. Nc3 Nf8 30. Qf3 Bh4 31. Ne4 Ng6 32. Nf2 Bxf2+ 33. Bxf2 Nh4 34. Bxh4
Qxh4 35. Kh2 Qh7 36. Rc4 Rg3 37. Qe2 Qd3 38. Qxd3 Rxd3 39. Rc7 Rb8 40. Rfc1
Rxd5 41. Re7 Rxb5 42. Rcc7 e4 43. Rg7+ Kh8 44. Rh7+ 1/2-1/2

[Event "DVM U14 2015"]
[Site "Verden/Aller GER"]
[Date "2015.12.29"]
[Round "6"]
[White "Koll, Lukas"]
[Black "Köhler, Inken"]
[Result "0-1"]
[Termination "normal"]
[Board "2.3"]
[WhiteElo "1633"]
[BlackElo "1836"]
[WhiteTeam "Karlsruher SF 1853"]
[BlackTeam "TuRa Harksheide Norderstedt"]
[PlyCount "68"]
[WhiteFideId "12969737"]
[BlackFideId "12929301"]
[EventCountry "GER"]
[EventRounds "7"]
[EventType "team-swiss"]
[EventDate "2015.12.26"]

1. Nf3 d5 2. e3 c5 3. b3 Nc6 4. Bb2 Nf6 5. d4 e6 6. Bd3 Bd7 7. O-O Qc7 8. c4
cxd4 9. cxd5 Nxd5 10. Nxd4 Bd6 11. Nf3 Ne5 12. Nxe5 Bxe5 13. Bxe5 Qxe5 14. Na3
Bc6 15. Nc4 Qg5 16. Nd6+ Ke7 17. Ne4 Qh4 18. Ng3 Rhd8 19. Qc2 Nb4 20. Qc5+ Ke8
21. Be4 Qe7 22. Qxe7+ Kxe7 23. Bxc6 Nxc6 24. Rfd1 Nb4 25. Rdc1 Rac8 26. Nf1
Rxc1 27. Rxc1 Nxa2 28. Ra1 Nc3 29. g3 a6 30. Kg2 Rd1 31. Ra3 Kd6 32. g4 Kc5 33.
Ra5+ Kb4 34. Re5 Rd5 0-1